000 00268nam a2200097 a 4500
005 20200930074210.0
008 111026s1995 000 spa d
245 0 _aDeclaración de los principios sobre la tolerancia.
260 _aSanto Domingo,
_c1995.
999 _c34730
_d34730
040 _aDO-SdBNP